000 00944nas a2200301 4500
001 BR2011006937
003 BR-BrBNA
005 20231205120148.0
007 ta
008 230509b bl.|||p| |||| 00| 00por d
040 _aBR-BrBNA
_bpor
_cBiblioteca Nacional de Agricultura
041 _a(Pt)
072 _aQ70; T01
100 1 _aSardá, L.G.
100 1 _aHigarashi, M.M.
100 1 _aMuller, S.
100 1 _aOliveira, P.A.
100 1 _aComin, J.J.
245 1 _aRedução da emissão de CO2, CH4 e H2S através da compostagem de dejetos suínos
650 _aEXCREMENTO
650 _aPOLUENTE
650 _aGÁS
650 _aEFEITO ESTUFA
773 0 _tRevista Brasileira de Engenharia Agrícola e Ambiental (Brazil)
_xISSN 1807-1929
_g(Sep 2010), v.14(9) p. 1008-1013
_wBR2011006937
856 4 0 _uhttp://www.scielo.br/pdf/rbeaa/v14n9/a14v14n9.pdf
909 _a202311
_bLúcia
_c55
_dLúcia Elande
942 _2AGRIS
_n0
_cANA
999 _c217275
_d217275